Statistics for U.S Cities by Hint

Click here to take the quiz!

General Stats

  • This quiz has been taken 36 times
  • The average score is 14 of 15

Answer Stats

Hint Answer % Correct
It Is The Nations CapitalWashington DC
100%
City Where the Golden Gate Bridge IsSan Francisco
100%
Most Populous City In The United StatesNew York City
97%
Held the 1904 World Fair and is home to the BullsChicago
93%
Home to the Liberty Bell and Independence HallPhiladelphia
93%
Where Ford and Chrysler’s Headquarters areDetroit
90%
Major Party City With the Warm waters of the AtlanticMiami
90%
This city is its states lowest point and suffered KatrinaNew Orleans
90%
Really good clam chowder and the Tea Party happened hereBoston
90%
Borders the Rocky Mountain and is known as the Mile High CityDenver
90%
City of Hotels and the city that never sleepsLas Vegas
87%
John F Kennedy was shot here and has really good barbecueDallas
87%
It Has Chick Fil A’s and Coca Cola’s HeadquartersAtlanta
83%
Has Nice Weather Year Round and Brutal TrafficLos Angeles
83%
One of the hottest big cities during the summerPhoenix
83%

Score Distribution

Percentile by Number Answered

Percent of People with Each Score

Your Score History

You have not taken this quiz